<?xml version="1.0" encoding="UTF-8"?>
<marc:record xmlns:marc="http://www.loc.gov/MARC21/slim">
   <marc:leader>00000nam a2200000 a 4500</marc:leader>
   <marc:datafield ind1="0" ind2="0" tag="245">
      <marc:subfield code="a">Index</marc:subfield>
   </marc:datafield>
   <marc:datafield ind1=" " ind2="1" tag="264">
      <marc:subfield code="c">1608</marc:subfield>
   </marc:datafield>
   <marc:datafield ind1=" " ind2=" " tag="250">
      <marc:subfield code="a">[Bindeeinheit]</marc:subfield>
   </marc:datafield>
   <marc:datafield ind1="1" ind2=" " tag="520">
      <marc:subfield code="a">Vermerk am Titelblatt Band 4: Ex Bibliotheca Universitatis Oenipontana mit Universitätsstempel, Zierinitialen im Text, gelber Ledereinband auf Buchdeckeln aus Pappe, Leder der Buchdeckel mit Linien, fleuralen Bordüren und Strängen und figurativen Bordüren (Köpfe in Medaillons mit fleuralem Elementen verbunden) verziert, Buchrücken mit 5 Bünden, Titelschild "Baldi Per. || Consilia || IV. V.", Aufschrift "B" "17" und Signaturschild "109 (8)", grüne Schnittkante, 4 grüne Schließenbänder aus Stoff (nur im Ansatz vorhanden), 2 rote Signakel.</marc:subfield>
   </marc:datafield>
   <marc:datafield ind1=" " ind2=" " tag="500">
      <marc:subfield code="a">Titelbl. in Rot- und Schwarzdr.</marc:subfield>
   </marc:datafield>
   <marc:datafield ind1="0" ind2=" " tag="490">
      <marc:subfield code="v">[6].</marc:subfield>
   </marc:datafield>
   <marc:datafield ind1=" " ind2=" " tag="300">
      <marc:subfield code="a">100 Bl.</marc:subfield>
   </marc:datafield>
</marc:record>
